000 01465cam a2200277 i 4500
001 2207222
003 ARRUPE
005 20220330101446.0
008 750607s1975 caua b 000 0 eng
010 _a 74081441
020 _a0520028228
040 _aDLC
_cDLC
_dDLC
050 0 0 _aP37
_b.I5
082 0 0 _a121
245 0 0 _aInnate ideas /
_cedited by Stephen P. Stich.
260 _aBerkeley :
_bUniversity of California Press,
_c[1975]
300 _ax, 222 p. :
_bill. ;
_c24 cm.
504 _aBibliography: p. [219]-222.
505 0 _aPlato. Meno.--Adams, R. M. The Locke-Leibniz debate.--Adams, R. M. Where do our ideas come from? Descartes vs. Locke.--Chomsky, N. Cartesian linguistics: acquisition and use of language.--Hart, W. D. Innate ideas and a priori knowledge.--Goldman, A. I. Innate knowledge.--Chomsky, N. Recent contributions to the theory of innate ideas.--Putnam, H. The innateness hypothesis and explanatory models in linguistics.--Katz, J. J. Innate ideas.--Harman, G. H. Psychological aspects of the theory of syntax.--Chomsky, N. Linguistics and philosophy.--Quine, W. V. Linguistics and philosophy.--Atherton, M. and Schwartz, R. Linguistic innateness and its evidence.
650 0 _aInnateness hypothesis (Linguistics)
_913496
650 0 _aLanguage and languages
_xPhilosophy.
650 0 _aPsycholinguistics.
700 1 _aStich, Stephen P.
906 _a7
_bcbc
_corignew
_d2
_eopcn
_f19
_gy-gencatlg
942 _2lcc
_cMONOGRAPH
999 _c131172
_d131172